Led Zeppelin - Kashmir Lyrics - Statistics

General Stats
  • This quiz has been taken 46 times
  • The average score is 13 of 30
Answer Stats
Verse Line Lyric % Correct
1 'I am a traveller of both ___ and space, to be where I have seen' time
97%
1 'Oh let the __ beat down upon my face, with stars to fill my dream' sun
94%
1 'When all will be _______' revealed
72%
1 'To sit with elders of a ________, this world has seldom seen' gentle race
58%
1 'Who talk of ____ for which they sit and wait' days
56%
2 'Though not a word I heard could I _____' relate
56%
5 'Sure as the dust that blows high in June, when movin' through ______' Kashmir
53%
2 '______ caress my ear' Sounds
53%
2 'The ____ was quite clear' story
50%
4 'As the sun burns the ______' ground
47%
4 'Tryin' to find, tryin' to find where _______, ah-ah, ah-ah' I've been
47%
4 'And my eyes fill with ____' sand
47%
3 'Mama my, ain't no ____, no denyin', no' denyin'
44%
5 'Like thoughts inside a _____' dream
42%
6 'Along the straits of ___' fear
42%
3 'Ooh, oh, baby, I've been ____' flyin'
42%
7 'Oh, when I'm on, when I'm on ______, yeah' my way
42%
4 'As I scan this ______ land' wasted
42%
4 'Oh, all I see turns to _____' brown
39%
5 'My ________ beneath the summer moon, I will return again' Shangri-La
33%
7 'Ooh my baby, ooh my baby, let me _________' take you there
33%
5 'Oh _____ of the storm who leaves no trace' pilot
31%
7 'When I see, when I see the way you ___, yeah-eah' stay
28%
3 'Oh, ooh ____, I've been flyin'' yeah
28%
6 'With no ______ but an open face' provision
25%
6 'Oh, father of the _______ fill my sails' four winds
22%
2 'Talk and song from ______ of lilting grace' tongues
22%
6 'Across the sea of _____' years
22%
3 'No, yeah, ____ cares, ain't no denyin'' mama
19%
5 '____ the path that led me to that place with yellow desert stream' Heed
8%
No matching quizzes found
Score Distribution
Percent of People with Each Score
Percentile by Number Answered
Your Score History
You have not taken this quiz